| 000 | 00654nam a2200193Ia 4500 | ||
|---|---|---|---|
| 003 | GCL | ||
| 008 | 140319s9999 xx 000 0 ara d | ||
| 020 | _a5841901977 | ||
| 040 |
_aGCL / _cGCL |
||
| 082 | 0 | 4 |
_a212 _bع م |
| 100 | 1 | _aعلى القماش | |
| 245 | 1 | 0 |
_aالمنهاج الاسلامى ومواجهة مشكلات البيئة / _cعلى القماش |
| 260 |
_aالقاهرة : _bالهيئة المصرية العامة للكتاب ، _c2003 |
||
| 300 |
_a299 ص ؛ _c24 سم |
||
| 650 | 0 | 4 | _aالاسلام والمجتمع |
| 650 | 0 | 4 | _aالاداب الاسلامية |
| 650 | 0 | 4 | _aالاسلام والبيئة |
| 942 |
_2ddc _cBK |
||
| 999 |
_c8753 _d8753 |
||